Pays de plus de 100 000 km² n'ayant jamais participé à une Coupe du monde de Football - Statistiques

Statistiques générales
  • Ce quiz a été pris 382 fois
    148 depuis la dernière actualisation
  • Le résultat moyen est 35 sur 56
Statistiques - réponses
Pays % Correct
Inde
87%
Pakistan
79%
Mongolie
76%
Congo
75%
Soudan
75%
Ouzbékistan
74%
Ethiopie
72%
Kenya
72%
Libye
72%
Mali
72%
Tchad
72%
Yémen
72%
Madagascar
71%
Niger
71%
Somalie
70%
Mauritanie
69%
Turkménistan
69%
Zimbabwe
69%
Afghanistan
68%
Bangladesh
68%
Zambie
68%
Oman
67%
Tadjikistan
67%
Cambodge
65%
Finlande
65%
Namibie
65%
Mozambique
64%
Tanzanie
64%
Thaïlande
64%
Biélorussie
63%
Guinée
63%
Malaisie
63%
Soudan du Sud
63%
Viêt Nam
62%
République Centrafricaine
60%
Botswana
59%
Laos
59%
Népal
59%
Syrie
59%
Kazakhstan
58%
Ouganda
57%
Birmanie
53%
Venezuela
52%
Gabon
51%
Erythrée
50%
Liberia
50%
Kirghizistan
49%
Nicaragua
48%
Suriname
48%
Guyana
46%
Bénin
45%
Guatemala
45%
Burkina Faso
41%
Malawi
41%
Papouasie Nouvelle-Guinée
41%
Philippines
41%
Aucun quiz correspondant
Distribution des résultats
% des personnes avec chaque résultat
Percentile par nombre de réponses
Votre historique - résultats
Vous n’avez pas pris ce quiz depuis la dernière actualisation